Central Library OPAC University of Rajshahi

Bullets of '71 : (Record no. 934)

MARC details
000 -LEADER
fixed length control field 00896nam a2200277 a 4500
001 - CONTROL NUMBER
control field 934
003 - CONTROL NUMBER IDENTIFIER
rucl marc code BD-RjUL
005 - DATE AND TIME OF LATEST TRANSACTION
control field 20211208233242.0
008 - FIXED-LENGTH DATA ELEMENTS--GENERAL INFORMATION
fixed length control field 150226s2012 bg a b 000 0 eng d
020 ## - INTERNATIONAL STANDARD BOOK NUMBER
International Standard Book Number 9847012401569
035 ## - SYSTEM CONTROL NUMBER
System control number (BD-RjUL)956
040 ## - CATALOGING SOURCE
Original cataloging agency BD-RjUL
Language of cataloging eng
Transcribing agency BD-RjUL
Modifying agency BD-RjUL
041 ## - LANGUAGE CODE
Language code of text/sound track or separate title eng
082 ## - DEWEY DECIMAL CLASSIFICATION NUMBER
Edition number 21
Classification number 954.9205
Author mark and year NAB 2012
100 ## - MAIN ENTRY--PERSONAL NAME
Personal name Nabi, Nuran.
9 (RLIN) 116192
245 ## - TITLE STATEMENT
Title Bullets of '71 :
Remainder of title a freedom fighter's story /
Statement of responsibility, etc. Nuran Nabi with Mush Nabi
260 ## - PUBLICATION, DISTRIBUTION, ETC. (IMPRINT)
Place of publication, distribution, etc. Dhaka :
Name of publisher, distributor, etc. Sahitya Prakash,
Date of publication, distribution, etc. 2012.
300 ## - PHYSICAL DESCRIPTION
Pagination 437 p.:
Illustrations ill.;
Size 22 cm.
500 ## - GENERAL NOTE
General note "First edition published by Author House, USA, September 2010"--Title page verso.
600 ## - SUBJECT ADDED ENTRY--PERSONAL NAME
Personal name Nabi, Nuran.
Personal name Nabi, Mush.
650 ## - SUBJECT ADDED ENTRY--TOPICAL TERM
Topical term or geographic name as entry element National liberation movements
Geographic subdivision Bangladesh.
Chronological subdivision 1971
9 (RLIN) 116194
700 ## - ADDED ENTRY--PERSONAL NAME
Personal name Nabi, Mush.
942 ## - ADDED ENTRY ELEMENTS (KOHA)
Source of classification or shelving scheme Dewey Decimal Classification
Koha item type Books
Holdings
Lost status Source of classification or shelving scheme Damaged status Not for loan Collection code Permanent Location Current Location Shelving location Date acquired Source of acquisition Cost, normal purchase price Total Checkouts Full call number Date last seen Copy number Koha item type Date checked out
  Dewey Decimal Classification   Not For Loan Non-fiction Central Library, University of Rajshahi Central Library, University of Rajshahi Reading Room 04/02/2015 RUCL 800.00   954.9205 NAB 2012 26/02/2015 C-1 Books  
  Dewey Decimal Classification     Non-fiction Central Library, University of Rajshahi Central Library, University of Rajshahi   04/02/2015 RUCL 800.00 3 954.9205 NAB 2012 07/05/2018 C-2 Books 11/02/2018